Online
Catalog

The ideology of blackness / (Record no. 13628)

MARC details
000 -CABECERA
campo de control de longitud fija 00702cam a2200193 a 4500
001 - NÚMERO DE CONTROL
campo de control 000014025
005 - FECHA Y HORA DE LA ÚLTIMA TRANSACCIÓN
campo de control 20200929163436.0
008 - DATOS DE LONGITUD FIJA--INFORMACIÓN GENERAL
campo de control de longitud fija 710510s1971 mau b 001 0 eng
040 ## - FUENTE DE LA CATALOGACIÓN
Centro catalogador/agencia de origen DO-SdBNP
Lengua de catalogación eng
Centro/agencia transcriptor LC
Centro/agencia modificador BNPHU
082 ## - NÚMERO DE LA CLASIFICACIÓN DECIMAL DEWEY
Número de clasificación 325.260973
Número de documento/Ítem I19b
049 ## - FONDOS LOCALES (OCLC)
Fondos de biblioteca BNGR
245 14 - MENCIÓN DE TÍTULO
Título The ideology of blackness /
Mención de responsabilidad, etc. edición e introducción Raymond F. Betts.
260 ## - PUBLICACIÓN, DISTRIBUCIÓN, ETC.
Lugar de publicación, distribución, etc. Lexington, Massachusetts :
Nombre del editor, distribuidor, etc. D. C. Heath and Company,
Fecha de publicación, distribución, etc. 1971.
300 ## - DESCRIPCIÓN FÍSICA
Extensión x, 212 p. ;
Dimensiones 23 cm.
650 #4 - PUNTO DE ACCESO ADICIONAL DE MATERIA--TÉRMINO DE MATERIA
Término de materia o nombre geográfico como elemento de entrada Afroamericanos
Subdivisión general Emigración e inmigración
Subdivisión geográfica Estados Unidos
9 (RLIN) 31740
650 #4 - PUNTO DE ACCESO ADICIONAL DE MATERIA--TÉRMINO DE MATERIA
Término de materia o nombre geográfico como elemento de entrada Negros
Subdivisión general Emigración e inmigración
Subdivisión geográfica Estados Unidos
9 (RLIN) 31741
700 1# - PUNTO DE ACCESO ADICIONAL--NOMBRE DE PERSONA
Nombre de persona Betts, Raymond F.,
Término indicativo de función/relación ed.
9 (RLIN) 31742
910 ## - DATOS DE OPCIÓN DEL USUARIO (OCLC)
Datos de opción del usuario Catalogación por copia / LC
Holdings
Estado de retiro Estado de pérdida Restricciones de uso No para préstamo Código de colección Localización permanente Ubicación/localización actual Ubicación en estantería Fecha de adquisición Número de inventario Total de préstamos Signatura topográfica completa Código de barras Fecha visto por última vez Precio válido a partir de Tipo de ítem Koha
    Préstamo interno   Monografías: Libros y Folletos General General En catalogación 02.12.2009 LF1   325.260973 I19b 14025-10 25.06.2020 25.06.2020 Préstamo interno

Powered by Koha